Verejná knižnica v Humennom od zrodu po súčasnosť výberová bibliografia

Bibliographic Details
Corporate Author: Vihorlatská knižnica v Humennom
Other Authors: Firkaľová, Mária, 1959- (Compiler)
Format: Book
Language:Slovak
PhysicalDescription:226 s. 30x21 cm
Published: Humenné Vihorlatská knižnica 2007
ISBN:9788089308019
Edition:1. vyd.
Subjects:

MARC

LEADER 00000nam a22000005a 4500
001 vtls009184358
003 SK-MaSNL
005 20260331205207.0
008 180216s2007 xo r 000 0 slo
015 |a SNBSAB2007-00080 
020 |a 9788089308019  |q (viaz.) 
035 |a 83D51B3D-1E66-4214-9F9B-CDD52929B061 
035 |a urn:nbn:sk:snk-amyge4 
035 |a urn:nbn:sk:snk-am00ckh0 
040 |a SNK  |b slo  |c SNK  |e AACR2 
041 1 |a slo 
044 |a xo 
072 7 |a 01  |x Bibliografia. Katalógy  |2 konspekt 
080 |a 016:027.53(437.67)  |2 2001 
080 |a 027.53  |2 001 
100 1 |a Firkaľová, Mária,  |d 1959-  |4 com  |9 107790 
245 1 0 |a Verejná knižnica v Humennom od zrodu po súčasnosť  |b výberová bibliografia  |c [zostavila: Mária Firkaľová ; zodp. red.: Tomáš Leňo] 
250 |a 1. vyd. 
260 |a Humenné  |b Vihorlatská knižnica  |c 2007 
300 |a 226 s.  |c 30x21 cm 
504 |a Usporiadanie chronolog. 833 zázn.o čl., kn. a špeciálnych dokumentoach od r. 1962 po 2007. Obs. inf. o knižnici, vzniku, elektornizácii, kult. aktivitách. Reg. men. 
610 2 7 |a Vihorlatská knižnica v Humennom  |2 snkbubb  |9 242431 
650 0 7 |a vydavateľská činnosť  |z Humenné (Slovensko)  |y 1962-2007  |x výberové bibliografie  |x registrujúce bibliografie  |2 snkbubb  |9 430747 
655 7 |a registrujúce bibliografie  |2 snkph  |9 315761 
700 1 |a Leňo, Tomáš,  |d 1964-  |4 lso  |9 106610 
710 2 |a Vihorlatská knižnica v Humennom  |9 242431 
919 |a 978-80-89308-01-9 
999 |c 683056  |d 684986 
952 |a SNK  |b SNK  |y PREZ  |7 0  |p 17A0578460  |o snkSB 75706  |i snk2008/3856  |8 0  |0 0  |1 0  |4 0  |d 2008-02-14  |f 1  |l 0  |r 2025-04-28 00:00:00  |w 2026-02-23 
952 |a SNK  |b SNK  |y VYP  |7 0  |p 17A0578459  |o snkSB 75706 D1  |i snk2008/3857  |8 0  |0 0  |1 0  |4 0  |d 2008-02-14  |l 0  |r 2016-06-30 00:00:00  |w 2026-02-23